Most Populous New York Municipalities in 1900 - Statistics

General Stats
  • This quiz has been taken 11 times
  • The average score is 17 of 20
Answer Stats
Population County Status Municipality % Correct
94,151 ______ City Albany
100%
39,647 Broome City Binghamton
100%
352,387 Erie City Buffalo
100%
3,437,202 ___ ____ City New York City
100%
162,608 Monroe City Rochester
100%
108,374 Onondaga City Syracuse
100%
47,931 Westchester City Yonkers
100%
31,682 ___________ City Schenectady
91%
60,651 Rensselaer City Troy
91%
56,383 Oneida City Utica
91%
24,535 Ulster City Kingston
82%
21,228 Westchester City Mount Vernon
82%
24,029 Dutchess City Poughkeepsie
82%
35,672 Chemung City Elmira
73%
22,892 Chautauqua City Jamestown
73%
21,696 Jefferson City Watertown
73%
24,943 Orange City Newburgh
64%
22,199 ______ City Oswego
64%
30,345 Cayuga City Auburn
55%
23,910 Albany City Cohoes
55%
No matching quizzes found
Score Distribution
Percent of People with Each Score
Percentile by Number Answered
Your Score History
You have not taken this quiz